MDQL
is popping MORE tags! Check the
thread
!
Quizzes
Events
Quiz Creation
Community
Videos
Private Events
Remove Ads
Sign In
Join for FREE
Feedback
Dark Mode
Quiz Categories
Sports
Geography
Music
Movies
Television
Just For Fun
Miscellaneous
History
Literature
Language
Science
Gaming
Entertainment
Religion
Holiday
For Kids
Quiz Lab
Recent
Popular Today
Quiz Kudos Today
Editor Picks
Curator Picks
Quizzes by...
Day
Popularity
Type
Ratings
Length
Year
Community
Subscriptions
Recent Discussions
Orange Saloon
Badges
Playlists
Quests
Create
Leaderboards
Showdown
Live 5
Trivia Bingo
Activity
Puzzle Library
Sporcle Events
Private Events
Virtual Trivia
Globe League
Become a Host
Pub Owners
SporcleCon
Opinionation
Our Games
Videos
Blog
Mobile Apps
Partnerships
Remove Ads and Go Orange
Feedback
Music
Pop Music
The Beatles
Song
Album
Lyrics
Bands
Singers
Artist
Clip
Rock
Rap
Classical
Billboard
Country Music
Kpop
Taylor Swift
Music
Pop Music
The Beatles
Song
Album
Lyrics
Bands
Singers
Artist
Clip
Rock
Rap
Classical
Billboard
Country Music
Kpop
Taylor Swift
Random Quiz
Search Sporcle
×
Quiz Lab
Quiz Lab
Music
Song
Type in answers that appear in a list
Type in answers that appear in a list
Classic
Best Score? Go Orange.
Spirit: SOTC Song II Stats
Can you name the lyrics to the Spirit Song without a title?
By
Crazy
10m
107 Questions
76 Plays
76 Plays
76 Plays
Comments
Comments
Give Quiz Kudos
Give Quiz Kudos
-
- Ratings
hide this ad
Replay
Link that replays current quiz
Next Quiz
Link to next quiz in quiz playlist
You Got
0%
They Got
Avg Score
68%
Avg Friend Score
Upgrade to see
Score Distribution
Jump to the score distribution portion of the page
Score
0/107
Timer
10:00
0
Plays Today
% Correct
I
98.7%
A
98.7%
I
98.7%
I
98.7%
I
98.7%
I
98.7%
I
98.7%
the
90.8%
the
90.8%
the
90.8%
the
90.8%
the
90.8%
the
90.8%
the
90.8%
the
90.8%
the
90.8%
the
90.8%
the
90.8%
the
90.8%
(The
89.5%
hear
88.2%
wind,
86.8%
sound
85.5%
here,
85.5%
here!
85.5%
here,
85.5%
will
84.2%
so
82.9%
call
81.6%
return.
78.9%
That
77.6%
to
77.6%
to
77.6%
always,
77.6%
always,
77.6%
calls
76.3%
% Correct
my
76.3%
It's
76.3%
It's
76.3%
is
76.3%
is
76.3%
it's
76.3%
me.
76.3%
is
76.3%
it's
76.3%
name!
75%
this
75%
This
75%
this
75%
home.
73.7%
strong!
72.4%
where
72.4%
where
72.4%
across
71.1%
plain.
71.1%
belong.
71.1%
like
67.1%
like
67.1%
and
67.1%
And
67.1%
And
67.1%
on
65.8%
on
65.8%
river,
64.5%
sun.
64.5%
warm
61.8%
place
60.5%
place
60.5%
come
57.9%
yeah...
57.9%
Under
56.6%
eagles
56.6%
% Correct
have
56.6%
flown.
55.3%
starry
53.9%
skies,
53.9%
whisper
53.9%
trees,
53.9%
wild
52.6%
paradise,
52.6%
mountain,
52.6%
through
52.6%
water...)
51.3%
nothing
51.3%
between
51.3%
nothing
51.3%
all
50%
want,
48.7%
when
48.7%
there's
48.7%
one
48.7%
moon
47.4%
waves
47.4%
Let
47.4%
that's
47.4%
we're
47.4%
thing
46.1%
I've
46.1%
everything
44.7%
everything
44.7%
together,
44.7%
'Cause
43.4%
fear.
43.4%
learned...
43.4%
wander,
40.8%
Yes,
34.2%
whereever
34.2%
Quiz Playlist
Details
Report
Send in Message
Add To Playlist
Classic:
Type in answers that appear in a list
Last Updated: Feb 16, 2017
Quiz Scoreboard
CHALLENGE
Sign Up to Join the Scoreboard
Show All
Scores
Hide
Comments
May contain spoilers
Recently Published
Colored Red Africa Blitz
by spor1
Geography
30s
Find the 'City' Movie
by crazypaving
Movies
60s
5x2 Blitz: Bands
by SL_Kpop136
Music
30s
More to Explore
Quiz From the Vault
Featured Blog Post
14 Easter Pick-up Lines to Find Eggs With
hide this ad
You Might Also Like...
Tags
Lyrics Quiz
Song Quiz
Movie Scores
Movie Songs
spirit
Today's Top Quizzes in Music
Browse Music
hide this ad
Today's Top Quizzes in Song
Browse Song
Top Contributed Quizzes in Music
1
5X2 Blitz: Bands II
2
5X2 Blitz: The Beatles
3
Taylor Swift All Songs (2024)
4
5X2 Blitz: Billboard
5
5X2 Blitz: Billboard II
6
5X2 Blitz: Album
7
Taylor Swift Logic Puzzle II
8
5X2 Blitz: Singers
9
5X2 Blitz: Rock
10
5X2 Blitz: Lyrics
Explore More
Trending Topics
Disney
Anime
Marvel
Crossword
Harry Potter
Kpop
NBA
The Office
WWE
NFL
Puzzle
Song
Pokémon
Country
Soccer
hide this ad
More By:
Crazy
Quiz
Plays
Rating
Category
Featured
Created
Ziva-isms from NCIS
352
5.00
Television
Mar 11, 2010
Gibbs' Wives
139
5.00
Television
Mar 9, 2010
Charlotte's Web Song I
91
Movies
Dec 14, 2011
Charlotte's Web Song III
85
5.00
Movies
Dec 24, 2011
Charlotte's Web Song II
81
Movies
Dec 16, 2011
Go to Creator's Profile
Score Distribution
Quiz Creator Spotlight
Crazy
Follow
Send a Message
Quizzes Created
-
Created Quiz Play Count
-
More By This Creator
Popular Quizzes Today
1
Colored Red Africa Blitz
2
Find the US States - No Outlines Minefield
3
Find the 'City' Movie
4
5x2 Blitz: Bands
5
The Countries of the World
6
Find the US States
7
Find the Countries of Europe - No Outlines Minefield
8
US States
More Music Quizzes
Guess the NCT 127 members
Quiz Lab
Trending Quizzes
Colored Red Europe Blitz I
Colored Red Europe Blitz II
Colored Red Africa Blitz II
Colored Red Europe Blitz III
Colored Red Africa Blitz III
Recently Updated
How Do You Spell That?
pecheneg
Godzilla Movies
pecheneg
Grab Bag: 4-10 Letters
pecheneg
2024 March Madness Bracket
pecheneg
Famous TV Couples
Peacemaker
Champions League XIs: Real Madrid
pecheneg
Largest US Cities 1790-2010
pecheneg
Rides in Walt Disney World
pecheneg
Most Oscar Losses (Acting)
pecheneg
Beyoncé Albums
pecheneg
Trending Topics
Crossword
Disney
Harry Potter
Anime
Kpop
NBA
Marvel
Pokémon
Soccer
Puzzle
The Office
WWE
Country
Song
NFL
Your Account Isn't Verified!
In order to create a playlist on Sporcle, you need to verify the email address you used during registration. Go to your
Sporcle Settings
to finish the process.
Report this User
Report this user for behavior that violates our
Community Guidelines
.
Details:
Send Report
Go to the Sporcle.com Mobile Site →
Comments